000 00593nam a2200229Ia 4500
005 20250425162801.0
008 250425s9999 xx 000 0 und d
020 _a8479370475
041 _aspa
043 _asp
082 _a503
110 _aEDICIONES OLIMPO
245 0 _aMASTER ENCICLOPEDIA TEMATICA: LITERATURA, LENGUA CASTELLANA, ANTOLOGÍA DE LA LITERATURA IBEROAMERICANA
250 _a1A ED.
260 _aBARCELONA
260 _aEspaña
_bOLIMPO
_c1994
300 _a400
650 _aENCICLOPEDIA TEMÁTICA
650 _aLITERATURA
942 _c01
010 _a108394
999 _c236356
_d236356